000 00749nam a22002417a 4500
999 _c6552
_d6552
003 AR-CdUCM
008 190318b ||||| |||| 00| 0 spa d
040 _aMUNICIPALIDAD PROVINCIAL DEL CUSCO
_cBIBLIOTECA MUNICIPAL DEL CUSCO
041 _hfr.
082 _a942.06 /
_bH52
100 _aHenry Bordeaux, Paule
_918493
245 _aMaría Estuardo /
260 _aMéxico :
_bGrijalbo,
_c1957.
300 _a422 paginas ;
_c21 cm.
440 _aGrandes Figuras Históricas
_918424
505 _aContenido :El drama escoces --El duelo con Isabel /
650 _aHistoria
_9136
650 _aGran Bretaña
_98218
650 _aEscocia
_918494
700 _aRamon Lamoneda Izquierdo (traductor)
_918495
942 _2ddc
_cLIBROS
945 _arjall